Answers Contain "Dear" or "Deer" - Statistics

General Stats
  • This quiz has been taken 156 times
    63 since last reset
  • The average score is 6 of 13
Answer Stats
Hint Answer % Correct
American company that manufactures tractors John Deere
84%
Break-up letter to an absent boyfriend or husband Dear John
79%
1978 Vietnam War film with Robert De Niro The Deer Hunter
77%
Caribou reindeer
75%
The main vector of Lyme disease in North America deer tick
63%
7th-most-populous city in Michigan Dearborn
56%
Type of hat Sherlock Holmes wears deerstalker
51%
1956: Pauline Phillips founds this advice column Dear Abby
47%
1968 Beatles song from the White Album Dear Prudence
37%
Bloodsucking insect Chrysops callidus deer fly
26%
1995 classic hip hop track by 2Pac Dear Mama
16%
2017 thriller with Colin Farrell and Nicole Kidman The {Killing} of a {Sacred} {Deer}
16%
Indie noise rock band of The Runners Four Deer{hoof}
11%
No matching quizzes found
Score Distribution
Percent of People with Each Score
Percentile by Number Answered
Your Score History
You have not taken this quiz since the last reset